00499 2200181 4500001002100000005001500021035002000036007000300056008004100059020002200100082001100122084001700133245003100150260003400181300004200215650001200257110004800269INLIS00000000000005920230929093913 a0010-0923000047ta230929 g 0 ind  a978-602-344-122-8 a633.34 a633.34 BAD a1 aAyo Kenali Manfaat Kedelai aJakarta :bIAARD Press,c2016 avi, 50 hlm, :bilus, ;c19 cm x 23 cm 4aKedelai0 aBadan Penelitian dan Pengembangan Pertanian